Hydraulické modelovanie prevádzania povodňových prietokov cez hať
Salvato in:
| Autore principale: | |
|---|---|
| Altri autori: | |
| Natura: | Manoscritto Libro |
| Lingua: | slovacco |
| Pubblicazione: |
2025
|
| Soggetti: | |
| Accesso online: | http://is.stuba.sk/zp/portal_zp.pl?podrobnosti=181731 CRZP |
| Tags: |
Nessun Tag, puoi essere il primo ad aggiungerne!!
|
MARC
| LEADER | 00000ntm a22000003a 4500 | ||
|---|---|---|---|
| 001 | stuzp104830 | ||
| 003 | SK-STU | ||
| 005 | 20250801122704.5 | ||
| 007 | ta | ||
| 008 | 150427s2015----xo-----f-mn---000-0-slo-d | ||
| 040 | |a STU |b slo | ||
| 041 | 0 | |a slo | |
| 100 | 1 | |a Tóth, Roman |u 010170 |k Z8 |4 aut |U SvF Stavebná fakulta |T SvF Katedra hydrotechniky |X 103869 |U V170 |Y 17 |7 103869 | |
| 242 | 0 | 1 | |a Hydraulic modeling of discharging flood flows through a weir |y eng |
| 245 | 1 | 0 | |a Hydraulické modelovanie prevádzania povodňových prietokov cez hať |
| 260 | |c 2025 | ||
| 650 | 4 | |a research |2 eng | |
| 650 | 4 | |a physical modeling |2 eng | |
| 650 | 4 | |a Čunovo |2 eng | |
| 650 | 4 | |a The Danube river |2 eng | |
| 650 | 4 | |a SVD G-N |2 eng | |
| 650 | 4 | |a 2D numeric modeling |2 eng | |
| 650 | 4 | |a výskum |2 slo | |
| 650 | 4 | |a 2D numerické modelovanie |2 slo | |
| 650 | 4 | |a fyzikálne modelovanie |2 slo | |
| 650 | 4 | |a Stupeň Čunovo |2 slo | |
| 650 | 4 | |a Dunaj |2 slo | |
| 650 | 4 | |a SVD G-N |2 slo | |
| 700 | 1 | |a Rumann, Ján |u 010170 |k Z1 |4 ths |U SvF Stavebná fakulta |T SvF Katedra hydrotechniky |X 38286 |U V170 |Y 17 |7 A000038286 | |
| 856 | 4 | |u http://is.stuba.sk/zp/portal_zp.pl?podrobnosti=181731 | |
| 856 | 4 | |u https://opac.crzp.sk/?fn=detailBiblioForm&sid=226A7A544DA3649F6F5732E9F6D0 |z CRZP | |